Missing Word: #1 Hits of 1995 & 1996 Quiz Stats

 Plays Quiz Updated Nov 2, 2014

Challenge
Share
Tweet
Embed
Score 0/13 Timer 02:00
5 Plays Today
#1 Hit Song Missing Word % Correct
Un-Break My _____Heart
94.5%
This Is _____ We Do ItHow
92.9%
Have You Ever Really _____ a Woman?Loved
91.1%
_____ from a RoseKiss
87.1%
Gangsta's _____Paradise
83.1%
You Are Not _____Alone
76%
Always Be My _____Baby
73.6%
_____ DiggityNo
56.7%
_____ You Loved MeBecause
51.1%
Take a _____Bow
50.6%
_____ LoveCalifornia
33.7%
One _____ DaySweet
31.1%
You're Makin' Me _____High
16.1%

Today's Daily Dose

You're not logged in!

Compare scores with friends on all Sporcle quizzes.
OR
Log In

You Might Also Like...

Show Comments

Extras

Top Quizzes Today


Score Distribution

Your Account Isn't Verified!

In order to create a playlist on Sporcle, you need to verify the email address you used during registration. Go to your Sporcle Settings to finish the process.

Report this User

Report this user for behavior that violates our Community Guidelines.

Details: